000 01041cab a2200337 4500
001 ABS51724
008 090401t1994 xxu||||| |||| 00| 0 eng d
035 _a(Sirsi) u41829
041 _aeng
245 _aFocus `94: the City of London, Fringes and Docklands
260 _c1994
350 _a0
490 _aEstates Gazette
_v(9447) 26 November 1994, 111-150(16)
650 _aCANARY WHARF
650 _aCITY FRINGE
650 _aCITY OF LONDON
650 _aInfrastructure
_96246
650 _aINVESTMENT MARKET
650 _aLONDON DOCKLANDS
650 _aOCCUPIERS REQUIREMENTS
650 _aOFFICE DEVELOPMENT
650 _aPROPERTY-COMMERCIAL PROPERTY-OFFICE PROPERTY-OFFICE PROPERTY MARKET
650 _aOVERSEAS INVESTORS
650 _aPROPERTY-COMMERCIAL PROPERTY-RETAIL PROPERTY-RETAIL PROPERTY MARKET
650 _aRING OF STEEL
650 _aSECURITY MEASURES
650 _aTRANSPORT POLICY
690 _aPROPERTY-COMMERCIAL PROPERTY-COMMERCIAL PROPERTY MARKET
942 _n0
948 _c04/03/1997
999 _c26855
_d26855